|
|
|
|
| LEADER |
01204nam a2200229 i 4500 |
| 003 |
GR-PaULI |
| 005 |
20240401135705.0 |
| 008 |
171208t2013 gr |||g |||| 000 0 gre d |
| 020 |
|
|
|a 9786188027077
|
| 040 |
|
|
|a GR-PaULI
|b gre
|c GR-PaULI
|e AACR2
|
| 082 |
0 |
4 |
|2 23
|a 613
|
| 100 |
1 |
|
|9 166027
|a Λάππας, Αδαμάντιος Χ.
|e συγγραφέας.
|
| 245 |
1 |
0 |
|a Απόψεις αυτοδίδακτου για υγεία και νόσο /
|c Αδαμάντιος Χ. Λάππας ; απόψεις του σήμερα Χαράλαμπος Μ. Μουτσόπουλος ; με τη συνεργασία του ιατρού Γ. Ε. Φραγκούλη.
|
| 260 |
|
|
|a Αθήνα :
|b CMYK,
|c 2013.
|
| 300 |
|
|
|a 95 σ. ;
|c 25 εκ.
|
| 650 |
|
0 |
|a Υγεία και διατροφή
|9 166028
|
| 700 |
1 |
|
|9 43238
|a Μουτσόπουλος, Χαράλαμπος Μ.
|d 1944-
|e συγγραφέας.
|
| 700 |
1 |
|
|9 166029
|a Φραγκούλης, Γ. Ε.
|
| 942 |
|
|
|2 ddc
|c BK15
|
| 952 |
|
|
|0 0
|1 0
|2 ddc
|4 0
|6 613_000000000000000_ΛΑΠ
|7 0
|9 218001
|a LISP
|b LISP
|c DON
|d 2017-12-08
|e ΒΑΛ
|i 128173
|l 0
|o 613 ΛΑΠ
|p 025000246752
|r 2017-12-08 00:00:00
|t 1
|v 2017.00
|w 2017-12-08
|y BK15
|
| 998 |
|
|
|c ΒΑΣΙΛΕΙΟΥ
|d 2017-12
|
| 999 |
|
|
|c 132081
|d 132081
|